Human Values and Ethics (Record no. 5839)

MARC details
000 -LEADER
fixed length control field 00385nam a22001457a 4500
005 - DATE AND TIME OF LATEST TRANSACTION
control field 20190430171456.0
008 - FIXED-LENGTH DATA ELEMENTS--GENERAL INFORMATION
fixed length control field 190430b xxu||||| |||| 00| 0 eng d
020 ## - INTERNATIONAL STANDARD BOOK NUMBER
ISBN 9789350971550
041 ## - LANGUAGE CODE
Language code of text/sound track or separate title eng
100 ## - MAIN ENTRY--AUTHOR NAME
Personal name Chakraborty,S K & Chakraborty Debangshu
245 ## - TITLE STATEMENT
Title Human Values and Ethics
260 ## - PUBLICATION, DISTRIBUTION, ETC. (IMPRINT)
Place of publication New Delhi
Name of publisher Himalaya Publishing House
Year of publication 2013
300 ## - PHYSICAL DESCRIPTION
Number of Pages 332
942 ## - ADDED ENTRY ELEMENTS (KOHA)
Koha item type Books
Holdings
Lost status Damaged status Home library Current library Shelving location Date acquired Source of acquisition Cost, normal purchase price Accession Number Koha item type Full call number
    JRU Library JRU Library Shelf - 25- F 30/04/2019 purchase 440.00 23103 Books  
    JRU Library JRU Library Shelf - 25- F 30/04/2019 purchase 440.00 23104 Books  
    JRU Library JRU Library Shelf - 25- F 30/04/2019 purchase 440.00 23105 Books  
    JRU Library JRU Library SHELF-5-E 30/04/2019 purchase 440.00 23106 Books  
    JRU Library JRU Library Shelf - 25- F 30/04/2019 purchase 440.00 23107 Books  
    JRU Library JRU Library SHELF-5-E 01/05/2019 purchase 440.00 23108 Books 174.4